000 01100cad a22002415a 4500
001 E153914
008 110920s2005 xxk f l s000 0 eng d
035 _a(Sirsi) u153914
041 0 _aeng
110 2 _aScotland
_kLaws, etc
245 0 4 _aThe Contaminated Land (Scotland) Regulations 2005
_h[electronic resource]
260 _aLondon
_bNational Archives
_c2005
490 0 _aScottish Statutory Instrument
_v2005: 658
520 _aThese Regulations amend the Environmental Protection Act 1990 Part IIA and the Contaminated Land (Scotland) Regulations 2000 in light of the Water Environment and Water Services (Scotland) Act 2003.
590 _aKA NTK
650 2 4 _aCONTAMINATED LAND (SCOTLAND) REGULATIONS 2005
650 2 4 _aENVIRONMENTAL PROTECTION ACT 1990 PART IIA
650 2 4 _aWATER ENVIRONMENT AND WATER SERVICES (SCOTLAND) ACT 2003
651 4 _aScotland
_y1999-
690 _aPROPERTY-RURAL AND NATURAL ASSETS-LAND-CONTAMINATED LAND
856 4 0 _uhttps://www.legislation.gov.uk/ssi/2005/658/contents/made
_zView the item free of charge at www.legislation.gov.uk...
942 _n0
999 _c112763
_d112763